| 000 | 00546nam a22001817a 4500 | ||
|---|---|---|---|
| 003 | LK-CoMWRAF | ||
| 005 | 20240624133913.0 | ||
| 008 | 240624b1995 |||||||| |||| 00| 0 eng d | ||
| 040 |
_aLK-CoMWRAF _dLK-CoMWRAF _eLK-CoMWRAF |
||
| 041 | _aeng | ||
| 082 |
_a346.5491 _bCHA |
||
| 245 | _aChart of customary practices in Pakistan in comparison with statutory law | ||
| 260 |
_aLahore: _bShirkat Gah, _c1995 |
||
| 300 | _a89 p. ; 28 cm. | ||
| 650 | _aWOMEN-Legal status, laws,- Pakistan | ||
| 650 | _aWomen -Pakistan -Social conditions | ||
| 942 | _cBK | ||
| 999 |
_c4937 _d4937 |
||